| 000 | 01436cam a2200313 i 4500 | ||
|---|---|---|---|
| 001 | 26024 | ||
| 003 | Mx-PuUPA | ||
| 005 | 20260312102359.0 | ||
| 008 | 140415s1990 mx a gr 001 0 spa d | ||
| 040 |
_cMx-PuUPA _aMx-PuUPA _bspa _dMx-PuUPA _erda |
||
| 041 | 0 | _aspa | |
| 110 | 2 |
_aCatholic Church. _bConferencia del Episcopado Mexicano. _bComisión Episcopal de Pastoral Litúrgica de México _96310 _eautor |
|
| 245 |
_aBeatificación de los siervos de Dios : _bJuan Diego, Cistóbal, Antonio y Juan José María de Yermo y Parres / _ctexto preparado por la Comisión Episcopal de Pastoral Litúrgica de México y Comisiones Pro-Beatificación de los nuevos Beatos. |
||
| 264 | 1 |
_aMéxico, D.F.: _bInsigne y Nacional Basílica de Santa María de Guadalupe, _c[1990?] |
|
| 300 |
_a57 páginas : _bilustraciones, música ; _c17 cm |
||
| 336 |
_2rdacontent _atexto _btxt |
||
| 337 |
_2rdamedia _asin medio _bn |
||
| 338 |
_2rdacarrier _avolumen _bnc |
||
| 500 | _a"Segunda visita pastoral de sus santidad Juan Pablo II a México".-- hoja legal. | ||
| 600 | 1 | 4 | _aCristóbal, Antonio |
| 600 | 1 | 4 | _aCristóbal, Juan |
| 600 | 0 | 4 |
_aJuan Diego, _cSanto _d1474-1548 |
| 600 | 1 | 4 | _aYermo y Parres, José M. de |
| 650 | 7 |
_2armarc _aCeremonia de Beatificación _xFuentes |
|
| 710 |
_aComisiones Pro-Beatificación de los nuevos Beatos _eautor |
||
| 942 |
_2ddc _cLI _h235.24 _iB36 |
||
| 999 |
_c26024 _d26024 |
||